Glee Who Sang in these Trios Quiz Stats

 Plays Quiz not verified by Sporcle

Score 0/45 Timer 05:00
0 Plays Today
% Correct
Brittany Pierce
80.9%
Brittany Pierce
80.9%
Santana Lopez
76.6%
Rachel Berry
76.6%
Quinn Fabray
76.6%
Santana Lopez
76.6%
Santana Lopez
74.5%
Quinn Fabray
72.3%
Brittany Pierce
72.3%
Mercedes Jones
72.3%
Quinn Fabray
70.2%
Rachel Berry
70.2%
Santana Lopez
70.2%
Kurt Hummel
70.2%
Tina Cohen-Chang
68.1%
Santana Lopez
68.1%
Mercedes Jones
68.1%
Santana Lopez
68.1%
Tina Cohen-Chang
66%
Brittany Pierce
63.8%
Tina Cohen-Chang
63.8%
Wade 'Unique' Adams
63.8%
Mercedes Jones
63.8%
% Correct
Blaine Anderson
59.6%
Wade 'Unique' Adams
59.6%
Quinn Fabray
57.4%
Santana Lopez
57.4%
Kurt Hummel
57.4%
Joe Hart
57.4%
Blaine Anderson
57.4%
Sam Evans
57.4%
Cassandra July
55.3%
Sam Evans
55.3%
Brittany Pierce
55.3%
Tina Cohen-Chang
55.3%
Sam Evans
51.1%
Marley Rose
48.9%
Mercedes Jones
46.8%
Kurt Hummel
44.7%
Elliot 'Star Child'
42.6%
Sam Evans
42.6%
Tina Cohen-Chang
42.6%
Dani
38.3%
Tina Cohen-Chang
34%
Artie Abrams
34%

You're not logged in!

Compare scores with friends on all Sporcle quizzes.
OR
Log In

Sporcle TV

Today on Sporcle TV


Watch our educational content, quiz creation guides, and fun videos on Sporcle TV.

Show Comments

Extras

Created Sep 12, 2019ReportNominate
Tags:Clickable Quiz, glee, sang, trio

Top Quizzes Today


Score Distribution

Your Account Isn't Verified!

In order to create a playlist on Sporcle, you need to verify the email address you used during registration. Go to your Sporcle Settings to finish the process.

Report this User

Report this user for behavior that violates our Community Guidelines.

Details: